Three Rivers DC vStroud and Parker Homes Ltd (Record no. 57395)

MARC details
000 -LEADER
fixed length control field 01483cab a2200253 4500
001 - CONTROL NUMBER
control field X95887
008 - FIXED-LENGTH DATA ELEMENTS--GENERAL INFORMATION
fixed length control field 090401t1998 xxu||||| |||| 00| 0 eng d
035 ## - SYSTEM CONTROL NUMBER
System control number (Sirsi) u90515
041 ## - LANGUAGE CODE
Language code of text/sound track or separate title eng
245 ## - TITLE STATEMENT
Title Three Rivers DC vStroud and Parker Homes Ltd
260 ## - PUBLICATION, DISTRIBUTION, ETC.
Date of publication, distribution, etc. 1998
350 ## - PRICE (NR) (BK AM CF MU VM SE) [OBSOLETE]
Price 0
490 ## - SERIES STATEMENT
Series statement Planning Appeal Decisions
Volume/sequential designation [1998] 13 PAD 660-665(6)
520 ## - SUMMARY, ETC.
Summary, etc. Inquiry 30 June 1998. Decision letter 20 June 1998. Outline - six detached dwellings, garages, ancillary works - effect of proposal on character and appearance of site and surrounding area - loss of existing trees on site - effect on neighbours` amenities - loss of outlook and privacy - structure and local plans - loss of substantial woodland - edge of built-up area - adjoining green belt - PPG3 - whether trees over-mature - whether development site would no longer be garden land - replanting of site after development - no possibility of preserving present woodland character of site - quality of environment and privacy adversely affected - Council`s concern that precedent would be created was justified - damage to outstanding woodland character outweighed any advantages from development. Headnote from journal.
650 ## - SUBJECT ADDED ENTRY--TOPICAL TERM
Topical term or geographic name entry element ADVERSE EFFECT
650 ## - SUBJECT ADDED ENTRY--TOPICAL TERM
Topical term or geographic name entry element GREEN BELT
650 ## - SUBJECT ADDED ENTRY--TOPICAL TERM
Topical term or geographic name entry element PLANNING POLICY
650 ## - SUBJECT ADDED ENTRY--TOPICAL TERM
Topical term or geographic name entry element PPG3
650 ## - SUBJECT ADDED ENTRY--TOPICAL TERM
Topical term or geographic name entry element PRESERVATION
650 ## - SUBJECT ADDED ENTRY--TOPICAL TERM
Topical term or geographic name entry element THREE RIVERS DC V STROUD AND PARKER HOMES LTD
690 ## - LOCAL SUBJECT ADDED ENTRY--TOPICAL TERM (OCLC, RLIN)
Topical term or geographic name as entry element PLANNING LAW AND PRACTICE-CASE LAW
942 ## - ADDED ENTRY ELEMENTS (KOHA)
Suppress in OPAC 0
948 ## - LOCAL PROCESSING INFORMATION (OCLC); SERIES PART DESIGNATOR (RLIN)
c (OCLC) 05/01/1999
Holdings
Withdrawn status Lost status Source of classification or shelving scheme Damaged status Not for loan Home library Current library Shelving location Date acquired Total Checkouts Full call number Barcode Date last seen Copy number Price effective from Koha item type
    Dewey Decimal Classification     London London Journal article 14/09/1999   X95887 90515-1001 06/08/2019 1 06/08/2019 Law report